Wage scales and employment conditions; (Record no. 77739)

MARC details
000 -LEADER
fixed length control field 00805cam a22002771 4500
001 - CONTROL NUMBER
control field sa 68001142
003 - CONTROL NUMBER IDENTIFIER
control field DLC
005 - DATE AND TIME OF LATEST TRANSACTION
control field 20260227112430.0
008 - FIXED-LENGTH DATA ELEMENTS--GENERAL INFORMATION
fixed length control field 710903s1967 ii k 000 0 eng
010 ## - LIBRARY OF CONGRESS CONTROL NUMBER
LC control number sa 68001142
025 ## - OVERSEAS ACQUISITION NUMBER
Overseas acquisition number PL480:I-E-8940
040 ## - CATALOGING SOURCE
Original cataloging agency DLC
Transcribing agency DLC
Modifying agency DLC
041 0# - LANGUAGE CODE
Language code of text/sound track or separate title engmar
043 ## - GEOGRAPHIC AREA CODE
Geographic area code a-ii---
050 00 - LIBRARY OF CONGRESS CALL NUMBER
Classification number HD5070.P6
Item number A75
082 00 - DEWEY DECIMAL CLASSIFICATION NUMBER
Classification number 331.1/16/0954792
100 1# - MAIN ENTRY--PERSONAL NAME
Personal name Apte, M. D.
245 10 - TITLE STATEMENT
Title Wage scales and employment conditions;
Remainder of title an analytical study,
Statement of responsibility, etc. by M. D. Apte.
260 ## - PUBLICATION, DISTRIBUTION, ETC.
Place of publication, distribution, etc. Poona,
Name of publisher, distributor, etc. Industrial & Management Services
Date of publication, distribution, etc. [1967]
300 ## - PHYSICAL DESCRIPTION
Extent 1 v.
Other physical details forms.
Dimensions 28 cm.
350 ## - PRICE (NR) (BK AM CF MU VM SE) [OBSOLETE]
Price Rs130
500 ## - GENERAL NOTE
General note Cover title.
500 ## - GENERAL NOTE
General note English and Marathi.
650 #0 - SUBJECT ADDED ENTRY--TOPICAL TERM
Topical term or geographic name entry element Wages
Geographic subdivision India
-- Pune
Form subdivision Case studies.
650 #0 - SUBJECT ADDED ENTRY--TOPICAL TERM
Topical term or geographic name entry element Industrial relations
Geographic subdivision India
-- Pune
Form subdivision Case studies.

No items available.

Powered by Koha